Olivia Rodrigo - love is embarrassing (Lyrics) - Statistics

General Stats
  • This quiz has been taken 899 times
  • The average score is 210 of 252
Answer Stats
Answer % Correct
I
100%
a
98%
embarrassing
97%
love's
96%
me
96%
my
95%
My
95%
so
94%
then
94%
God,
93%
you
93%
you,
93%
You
93%
as
91%
for,
91%
For
91%
for
91%
it
91%
It
91%
what
91%
And
90%
and
90%
don't
90%
mean
90%
some
90%
fucking
89%
hell
89%
the
89%
thing
89%
be
88%
like,
87%
like
87%
not
87%
from
86%
one
86%
up,
86%
up
86%
were
86%
friends
85%
girl
85%
give
85%
myself
85%
myself,
85%
told
85%
high
84%
Loser
84%
school
84%
second
84%
was
84%
month
83%
Just
82%
kissed
82%
mentioning
82%
When
82%
worth
82%
After
81%
guy
81%
now
81%
week
80%
who's
80%
in
79%
known
79%
string
79%
I'd
78%
need
78%
said
78%
weird
78%
could
76%
crucify
76%
how
76%
stupid?
76%
fool
75%
space
75%
bed
74%
even
74%
stayed
74%
watch
74%
your
74%
doing?
73%
everything
73%
of
73%
but
72%
new
72%
goddamn
71%
back
70%
III
70%
more,
70%
more
70%
War
70%
World
70%
version
68%
I'm
66%
never
66%
by
65%
cried
65%
found
65%
Over
65%
started
65%
Waited
63%
phone
62%
damn
61%
ex-girlfriend's
61%
it's
61%
while
61%
coming
58%
Jesus,
57%
keep
57%
marrying
57%
with
57%
anything
56%
'Cause
56%
consoled
56%
near
56%
wedding
56%
planning
51%
giving
48%
bets
47%
placed
42%
out
41%
No matching quizzes found
Score Distribution
Percent of People with Each Score
Percentile by Number Answered
Your Score History
You have not taken this quiz